Pharmacotherapeutics for advanced practice : A practical approach

Written for nurse practitioners and physician's assistants, this advanced pharmacotherapeutics text focuses on aspects of applied therapeutics for primary care providers. The volume is organized according to body systems and explores drugs used to manage more than 56 common conditions, such as:...

Täydet tiedot

Tallennettuna:
Bibliografiset tiedot
Aineistotyyppi: Kirja
Kieli:Undetermined
Julkaistu: Philadelphia, PA Lippincott Williams & Wilkins 2001
Aiheet:
Tagit: Lisää tagi
Ei tageja, Lisää ensimmäinen tagi!
Thư viện lưu trữ: Trung tâm Học liệu Trường Đại học Cần Thơ
LEADER 01477nam a2200217Ia 4500
001 CTU_165789
008 210402s9999 xx 000 0 und d
020 |c 73.70 
082 |a 615.58 
082 |b P536 
245 0 |a Pharmacotherapeutics for advanced practice : 
245 2 |b A practical approach 
245 0 |c Edited by Virginia Poole Arcangelo, Andrew M. Peterson. 
260 |a Philadelphia, PA 
260 |b Lippincott Williams & Wilkins 
260 |c 2001 
520 |a Written for nurse practitioners and physician's assistants, this advanced pharmacotherapeutics text focuses on aspects of applied therapeutics for primary care providers. The volume is organized according to body systems and explores drugs used to manage more than 56 common conditions, such as: hypertension, peptic ulcer disease, and asthma. Using algorithms to illustrate the process of drug selection, this book provides guidelines for drug selection, lifespan considerations, therapeutic drug monitoring, adverse reactions, poor outcomes and information about when to change therapy, and alternative therapy. Therapy is discussed using first-, second- and third-line drug choices. Comprehensive yet concise case studies, written for adult learners, help readers retain information. 
650 |a Chemotherapy,Hóa học trị liệu,Drug therapy,Liệu pháp dược 
650 |x Methods 
904 |i Trọng Hiếu 
980 |a Trung tâm Học liệu Trường Đại học Cần Thơ